The Testimony of Steve Biko (Record no. 630359)

MARC details
000 -LEADER
fixed length control field 00784nam a22001937a 4500
003 - CONTROL NUMBER IDENTIFIER
control field 3228
005 - DATE AND TIME OF LATEST TRANSACTION
control field 20231221115044.0
008 - FIXED-LENGTH DATA ELEMENTS--GENERAL INFORMATION
fixed length control field 220131b sa ||||| |||| 00| 0 eng d
020 ## - INTERNATIONAL STANDARD BOOK NUMBER
International Standard Book Number <a href="9781770105584">9781770105584</a>
Qualifying information
040 ## - CATALOGING SOURCE
Transcribing agency 3228
082 ## - DEWEY DECIMAL CLASSIFICATION NUMBER
Classification number 345.680231 BIKO
942 ## - ADDED ENTRY ELEMENTS
Modifier ID 8485
Modifier Name Julia Mabuza
100 ## - MAIN ENTRY--PERSONAL NAME
Personal name Biko ,Steve
245 ## - TITLE STATEMENT
Title The Testimony of Steve Biko
Cover Title A monument to Biko`s considerable dignity and eloquence
Statement of responsibility, etc. Biko Steve; ed Arnold Millard W.
260 ## - PUBLICATION, DISTRIBUTION, ETC.
Place of publication, distribution, etc. Johannesburg:
Name of publisher, distributor, etc. Pan Macmillan,
Date of publication, distribution, etc. 2017
300 ## - PHYSICAL DESCRIPTION
Extent xxii;376p
Dimensions 23cm
504 ## - BIBLIOGRAPHY, ETC. NOTE
Bibliography, etc. note What comes first to mind when one thinks of political trials in South Africa are the Rivonia Trial of 1956-61 and the Treason Trial of 1963-64. Rarely, if ever, is the 1976 SASO/BPC trial mentioned
521 ## - TARGET AUDIENCE NOTE
Target audience note Adult
942 ## - ADDED ENTRY ELEMENTS
Source of classification or shelving scheme Dewey Decimal Classification
item type Books
Holdings
Withdrawn status Lost status Source of classification or shelving scheme Damaged status Not for loan Collection code Home library Current library Date acquired Full call number Barcode Date last seen Price effective from item type Total Checkouts Shelving location Cost, normal purchase price Cost, replacement price Date due Date last checked out
    Dewey Decimal Classification       LYDENBURG REGIONAL LIBRARY Acornhoek Public Library (Under renovation) 28.11.2022 345.680231 BIKO 33228031026100 28.11.2022 28.11.2022 Books            
    Dewey Decimal Classification       MBOMBELA REGIONAL LIBRARY Barberton 13.09.2022 345.680231 BIKO 33228031031311 24.06.2026 13.09.2022 Books 2 General Stacks 280.00   10.07.2026 24.06.2026
    Dewey Decimal Classification     300: Social Science KWAMHLANGA REGIONAL LIBRARY KWAMHLANGA PUBLIC LIBRARY 09.09.2022 345.680231 BIKO 33228031020071 09.09.2022 09.09.2022 Books   General Stacks        
    Dewey Decimal Classification       LYDENBURG REGIONAL LIBRARY LYDENBURG REGIONAL LIBRARY 07.09.2022 345.680231 BIKO 33228031027090 07.09.2022 07.09.2022 Books   Non Fiction        
    Dewey Decimal Classification     300: Social Science Standerton Regional Library Lebohang 02.11.2023 345.680231 BIKO 33228031013644 02.11.2023 02.11.2023 Books   Non Fiction 280.00      
    Dewey Decimal Classification     300: Social Science KWAMHLANGA REGIONAL LIBRARY MAPHOTLA 03.03.2022 NF 345.680231 Biko 33228031020980 03.03.2022 03.03.2022 Books            
    Dewey Decimal Classification       LYDENBURG REGIONAL LIBRARY MP Stream 17.01.2024 345.680231 BIKO 33228031029777 29.04.2026 17.01.2024 Books 1 Non Fiction     13.05.2026 29.04.2026
    Dewey Decimal Classification       LYDENBURG REGIONAL LIBRARY Mafemani 01.09.2023 345.680231 BIKO 33228031028981 01.09.2023 01.09.2023 Books   Non Fiction        
    Dewey Decimal Classification     300: Social Science Standerton Regional Library Nthoroane 17.10.2023 345.680231 BIKO 33228031012959 17.10.2023 17.10.2023 Book   General Stacks 280.00      
          300: Social Science Stanwest Public Library Stanwest Public Library 30.11.2022 345.680231 BIKO 33228031012632     Book   General Stacks 280.00 280.00    
    Dewey Decimal Classification       KWAMHLANGA REGIONAL LIBRARY THEMBISILE HANI Public Library 24 31.01.2022 NF 345.680231 Biko 33228031021143 31.01.2022 31.01.2022 Books